Same Last Names Quiz Stats

 Plays Quiz Updated Aug 14, 2015

Score 0/45 Timer 06:00
9 Plays Today
% Correct
Will
96.6%
Ed
96.1%
Eddie
94.3%
Jamie Lee
91%
Owen
90.2%
Demi
89.6%
Ryan
88.7%
Kate
87.8%
Diane
87.7%
Bradley
87.5%
Neil Patrick
85.5%
Michael
85.3%
Patrick
85%
Patrick
85%
Burt
84.9%
James
83.9%
James Earl
81.2%
Kristen
78%
Jennifer
77%
Bette
72.3%
Julianne
71.5%
Maggie
70%
Geena
65.8%
% Correct
Brittany
65.3%
Rock
64.5%
Sammy (Jr.)
64.4%
Debbie
62.6%
Roger
62.5%
Rebel
60.4%
Tony
59.3%
Buster
55.8%
Mandy
52.7%
Rashida
47.2%
Gary
46.7%
January
41.9%
Richard
39.2%
Cillian
37.5%
Matt
37.3%
Warwick
36.9%
Viola
36.6%
Chris
30.8%
Dominic
19.2%
Felicity
18.9%
Hope
7.9%
Cliff
5.7%

You're not logged in!

Compare scores with friends on all Sporcle quizzes.
OR
Log In

Sporcle TV

Today on Sporcle TV


Watch our educational content, quiz creation guides, and fun videos on Sporcle TV.

Show Comments

Extras

Top Quizzes Today


Score Distribution

Your Account Isn't Verified!

In order to create a playlist on Sporcle, you need to verify the email address you used during registration. Go to your Sporcle Settings to finish the process.

Report this User

Report this user for behavior that violates our Community Guidelines.

Details: